000 00457 a2200157 4500
005 20250516135347.0
020 _a0-13-742163-X
082 _a658.72 HEI
100 _aHEINRITZ, S . F .
245 _aPurchasing: Principles and Applications
250 _a6th Ed.
260 _aEnglewood Cliffs, N . J ,
_bPrentice-Hall,
_c1981.
300 _avii, 487p.: chart, figure, table,
_bbibliography & index,
_c23cm.
700 _aFARRELL, P .V .
942 _2ddc
_cBKS
999 _c2414
_d2414